Unifying Hinduism : (Record no. 145401)

MARC details
000 -LEADER
fixed length control field 00923nam a22002417a 4500
005 - DATE AND TIME OF LATEST TRANSACTION
control field 20221212111357.0
010 ## - LCCN (DPL NO)
LC control number 1718EN-30 ENG-121411 ENG-135821
020 ## - INTERNATIONAL STANDARD BOOK NUMBER
International Standard Book Number 9788178244730
Terms of availability 495.00
035 ## - SYSTEM CONTROL NUMBER
System control number EN-104943
035 ## - SYSTEM CONTROL NUMBER
System control number B-683029-3031
035 ## - SYSTEM CONTROL NUMBER
System control number EN-119353
037 ## - SOURCE OF ACQUISITION
Source of stock number/acquisition Aakar
Stock number dpl
037 ## - SOURCE OF ACQUISITION
Source of stock number/acquisition DBAD/PUB
082 ## - DEWEY DECIMAL CLASSIFICATION NUMBER
Classification number 230.61
100 ## - MAIN ENTRY--PERSONAL NAME
Personal name Nicholson, Andrew J.
245 ## - TITLE STATEMENT
Title Unifying Hinduism :
Statement of responsibility, etc by Andrew J. Nicholson
Remainder of title philosophy and identity in Indian intellectual history /
260 ## - PUBLICATION, DISTRIBUTION, ETC. (IMPRINT)
Place of publication, distribution, etc Ranikhet
Name of publisher, distributor, etc Permanent Black
Date of publication, distribution, etc 2015
270 ## - ADDRESS
Address Himalayana, Mall Road, Ranikhet Cantt.
City Ranikhet
Postal code 263645
300 v# - PHYSICAL DESCRIPTION
Extent xii,266p.
Dimensions 22cm(pbk)
500 ## - GENERAL NOTE
General note Includes index
942 ## - ADDED ENTRY ELEMENTS (KOHA)
Source of classification or shelving scheme Dewey Decimal Classification
Item type English Books
Call number suffix NIC
Classification part 230.61
Holdings
Withdrawn status Lost status Not for loan Collection code Home library Current library Date acquired Source of acquisition Cost, normal purchase price Full call number Barcode Copy number Cost, replacement price Koha item type
    Not For Loan Non-fiction D.B.Act.Division Bawana 15/11/2017 DBAD/PUB 495.00 230.61 NIC EN-104943 1 495.00 English Books
    Not For Loan Reference Central Library Central Library 10/05/2023   595.00 230.61 NIC EN-120337 1   English Books
      Non-fiction Janak Puri Janak Puri 08/01/2018 Aakar/I-2013/30.11.17/BPPD/EN/2017-18/631/20.11.17/14.12.2017 595.00 230.61 NIC B-683030 1 595.00 English Books
      Non-fiction D.B.Act.Division Mobile Library 12/12/2022 DBAD/PUB 595.00 230.61 NIC EN-119353 1 595.00 English Books
      Non-fiction Narela Narela 08/01/2018 Aakar/I-2013/30.11.17/BPPD/EN/2017-18/631/20.11.17/14.12.2017 595.00 230.61 NIC B-683031 1 595.00 English Books
      Non-fiction Patel Nagar Patel Nagar 08/01/2018 Aakar/I-2013/30.11.17/BPPD/EN/2017-18/631/20.11.17/14.12.2017 595.00 230.61 NIC B-683029 1 595.00 English Books

© Delhi Public Library
Hit Counter
free hit counter